Statistiques concernant Focus sur: Longon Sacquet - Tolkien

Cliquez ici pour prendre le quiz!

Statistiques générales

  • Ce quiz a été pris 5 fois
  • Le résultat moyen est 6 sur 15

Statistiques - réponses

Informations recherchéesRéponses% Correct
ContréeComté
100%
EspèceHobbit
100%
Première mentionLe Seigneur des Anneaux: La Communauté de l'Anneau
100%
Age durant lequel il vécutTroisième
100%
Baggins
60%
Autres traductions du nomBessac
60%
Autre traduction du prénomLongo
40%
FilsOthon Sacquet de Besace
40%
FrèresBungon Sacquet
20%
PèreMungon Sacquet
20%
SœursBelba Sacquet
0%
Bingon Sacquet
0%
EpouseCamellia Besace
0%
MèreLaura Fouille
0%
Linda Sacquet
0%

Distribution des résultats

Percentile par nombre de réponses

% des personnes avec chaque résultat

Votre développement - résultats

Vous n’avez pas pris ce quiz